000 01635nam a2200421Ii 4500
001 DIGICAR0057
003 NyNyDIG
006 m o d
007 cr |||||||||||
008 241204s2018 sp a ob 000 0 spa d
035 _a(OCoLC)1478203714
040 _aDGITA
_beng
_erda
_epn
_cDGITA
020 _z9788498888775
050 1 4 _aUA10.5 ebook
245 0 0 _aPolíticas de seguridad para la paz :
_botra seguridad es posible y necesaria /
_cJordi Calvo Rufanges (coord.) ; Maria de Lluc Bagur [and 19 others].
250 _aPrimera edición.
264 1 _aBarcelona :
_bIcaria Editorial,
_c[2018]
300 _a1 online resource :
_billustrations.
336 _atext
_btxt
_2rdacontent
337 _acomputer
_bc
_2rdamedia
338 _aonline resource
_bcr
_2rdacarrier
347 _atext file
_2rdaft
347 _bPDF
490 1 _aAntrazyt. Política
504 _aIncludes bibliographical references.
588 0 _aOnline resource; title from PDF title page (Digitalia, viewed December 4, 2024)
650 0 _aNational security.
650 0 _aPeace-building.
700 1 _aBagur, Maria de Lluc,
_eauthor.
700 1 _aCalvo Rufanges, Jordi,
_eeditor.
776 0 8 _iPrint version:
_aBagur, Maria de Lluc.
_tPolíticas de seguridad para la paz.
_bPrimera edición.
_dBarcelona : Icaria Editorial, [2018]
_z9788498888775
791 2 _aDigitalia (Firm),
_edistributor.
793 0 _gDigitalia eBook Collection:
_aIcaria Editorial
830 0 _aAntrazyt.
_pPolítica.
856 4 0 _3Digitalia Hispánica
_uhttps://www.digitaliapublishing.com/a/158381/
910 _aPremium collection: 2024
942 _cRAA
999 _c287607
_d287607